000 00774nam a2200205 a 4500
001 000049198
005 20240410073848.0
008 190726s1986 dr 000 spa d
040 _aDO-SdBNP
_bspa
_cBNPHU
082 _a972.9304
_bC355c
100 1 _aCastro, Víctor M. de
_d1872-1924
_958935
245 1 0 _aCosas de Lílis. :
_bVíctor M. de Castro ; prólogo Américo Lugo.
260 _aSanto Domingo :
_bTaller,
_c1986.
300 _a112 p. ;
_c21 cm.
590 _aInventariado, 2019 / DG
600 1 4 _aHEUREAUX, ULISES
_d1845-1895
_vANÉCDOTAS, CHISTES, SÁTIRAS. ETC.
_976510
650 4 _aPresidentes
_zRepública Dominicana
_xBiografías
_91790
651 0 _aRepública Dominicana --
_xHistoria --
_y1844-1930
_91009
700 1 2 _aLugo, Américo
_d1870-1952
_epról.
_981550
999 _c48686
_d48686